Vật lí 6
Sách giới thiệu chung về chương trình và sách giáo khoa Vật lí 6. Hướng dẫn giáo viên giảng dạy từng bài trong phần cơ học và nhiệt học của chương trình Vật lí 6.
Đã lưu trong:
| Hovedforfatter: | |
|---|---|
| Format: | Bog |
| Sprog: | Undetermined |
| Udgivet: |
Hà Nội
Giáo dục Việt Nam
2016
|
| Fag: | |
| Tags: |
Tilføj Tag
Ingen Tags, Vær først til at tagge denne postø!
|
| Thư viện lưu trữ: | Trung tâm Học liệu Trường Đại học Cần Thơ |
|---|
| LEADER | 00924nam a2200217Ia 4500 | ||
|---|---|---|---|
| 001 | CTU_216552 | ||
| 008 | 210402s9999 xx 000 0 und d | ||
| 020 | |c 6000 | ||
| 082 | |a 530.0712 | ||
| 082 | |b Qu106 | ||
| 100 | |a Vũ, Quang | ||
| 245 | 0 | |a Vật lí 6 | |
| 245 | 0 | |c Vũ Quang (Tổng chủ biên), Bùi Gia Thịnh (Chủ biên), Nguyễn Phương Hồng | |
| 260 | |a Hà Nội | ||
| 260 | |b Giáo dục Việt Nam | ||
| 260 | |c 2016 | ||
| 520 | |a Sách giới thiệu chung về chương trình và sách giáo khoa Vật lí 6. Hướng dẫn giáo viên giảng dạy từng bài trong phần cơ học và nhiệt học của chương trình Vật lí 6. | ||
| 650 | |a Physics,Vật lí | ||
| 650 | |x Study and teaching (Secondary),Dạy và học (Trung học) | ||
| 904 | |i Hải | ||
| 980 | |a Trung tâm Học liệu Trường Đại học Cần Thơ | ||